[Event "Sliven op 17th"]
[Site "Sliven"]
[Date "2016.10.01"]
[Round "5"]
[White "Atanasov, Petar"]
[Black "Georgiev, Nikolay"]
[Result "1-0"]
[WhiteElo "2018"]
[BlackElo "1562"]
[PlyCount "55"]
[EventDate "2016.09.30"]
[EventType "swiss"]
[EventRounds "7"]
[EventCountry "BUL"]
[SourceTitle "EXT 2017"]
[Source "ChessBase"]
[SourceDate "2016.10.25"]
[SourceVersion "1"]
[SourceVersionDate "2016.10.25"]
[SourceQuality "1"]

1. d4 d5 2. c4 c6 3. Nc3 Nf6 4. Bg5 dxc4 5. Bxf6 exf6 6. a4 f5 7. e3 Be6 8. Nf3 Bb4 9. Be2 Nd7 10. 0-0 Bd5 11. Qc2 Bxc3 12. bxc3 g6 13. Nd2 b5 14. f3 0-0 15. e4 Re8 16. Rf2 fxe4 17. fxe4 Be6 18. axb5 Qg5 19. bxc6 Nb6 20. d5 Bxd5 21. exd5 Nxd5 22. Bxc4 Nf4 23. Bxf7+ Kxf7 24. g3 Kg7 25. Rxf4 Re2 26. Qd3 Rae8 27. Qd4+ Kg8 28. Ne4 1-0